000 00791nam a2200265 a 4500
003 MX-MxUPN
005 20240920134917.0
008 991125s1923 mx gr 001 0 spa d
035 _aUPN01000026821
040 _aMX-MxUPN
_bspa
_cMX-MxUPN
041 _aspa
050 4 _aLB1051
_bV3.3
100 1 _aValenzuela, Rafael
_943960
245 1 0 _aGuía de los maestros :
_bnociones de psicología y de pedagogía rebsamiana
260 _aMéxico :
_bSociedad de Edición y Librería Franco-Americana,
_c1923
300 _a328 páginas
504 _aIncluye índices.
650 4 _aEnseñanza
_xMetodología
_97684
650 4 _aPsicología educativa
_95197
902 _bMaríaRobles/200924
904 _aAC
_b026822
905 _aLibro
942 _2lcc
_cLIBRO
_n0
999 _c26821
_d26821